|
|
|
|
| LEADER |
00777cam a2200205 7i4500 |
| 001 |
0000040431 |
| 005 |
20170218090000.0 |
| 020 |
|
|
|a 9780470878194 (pbk.)
|
| 090 |
0 |
0 |
|a QA76.8.I64
|b B35 2011
|
| 100 |
1 |
|
|a Backlin, Gene
|
| 245 |
1 |
0 |
|a Professional iPhone and iPad application development
|c Gene Backlin.
|
| 260 |
|
|
|a Indianapolis, IN:
|b Wiley Pub.,
|c 2011.
|
| 300 |
|
|
|a xxvi, 573 p.:
|b ill.;
|c 24 cm.
|
| 490 |
0 |
|
|a Wrox programmer to programmer
|
| 650 |
0 |
0 |
|a Application software --
|x Development
|
| 650 |
0 |
0 |
|a iPhone (Smartphone) --
|x Programming
|
| 650 |
0 |
0 |
|a iPad (Computer) --
|x Programming
|
| 997 |
|
|
|a Communication, Visual Art & Computing, Faculty
|b Computing, Department
|
| 998 |
|
|
|a Mobile Technology, Diploma
|
| 999 |
|
|
|a 0000050560
|b BOK
|c OPEN SHELF
|e 2nd Floor, Bestari Jaya
|